000 00303nam a22001337a 4500
008 170620b xxu||||| |||| 00| 0 eng d
020 _a0673394891
041 _aeng
080 _a327
100 _a20
101 _aSHP
245 _aUNDERSTANDING POLITICAL DEVELOPMENT
_cWEINER.M
942 _2udc
_cBK
999 _c18276
_d18276